|
|
|
|
| LEADER |
01198nam a22003254a 4500 |
| 001 |
EBC3000562 |
| 003 |
MiAaPQ |
| 005 |
20200520144314.0 |
| 006 |
m o d | |
| 007 |
cr cn||||||||| |
| 008 |
990824s2000 ctua sb 001 0 eng |
| 010 |
|
|
|z 99046054
|
| 020 |
|
|
|z 1567203205 (alk. paper)
|
| 035 |
|
|
|a (MiAaPQ)EBC3000562
|
| 035 |
|
|
|a (Au-PeEL)EBL3000562
|
| 035 |
|
|
|a (CaPaEBR)ebr10017887
|
| 035 |
|
|
|a (OCoLC)923555891
|
| 040 |
|
|
|a MiAaPQ
|c MiAaPQ
|d MiAaPQ
|
| 050 |
|
4 |
|a HG4551
|b .B485 2000
|
| 082 |
0 |
4 |
|a 332.64/2
|2 21
|
| 100 |
1 |
|
|a Bolten, Steven E.
|
| 245 |
1 |
0 |
|a Stock market cycles
|h [electronic resource] :
|b a practical explanation /
|c Steven E. Bolten.
|
| 260 |
|
|
|a Westport, Conn. :
|b Quorum Books,
|c 2000.
|
| 300 |
|
|
|a viii, 174 p. :
|b ill.
|
| 504 |
|
|
|a Includes bibliographical references (p. [168]-169) and index.
|
| 533 |
|
|
|a Electronic reproduction. Ann Arbor, MI : ProQuest, 2015. Available via World Wide Web. Access may be limited to ProQuest affiliated libraries.
|
| 650 |
|
0 |
|a Stock exchanges.
|
| 655 |
|
4 |
|a Electronic books.
|
| 710 |
2 |
|
|a ProQuest (Firm)
|
| 856 |
4 |
0 |
|u https://ebookcentral.proquest.com/lib/matrademy/detail.action?docID=3000562
|z Click to View
|